Paroles - Voir la nuit s'emballer - M.Pokora - Statistiques

Statistiques générales
  • Ce quiz a été pris 58 fois
  • Le résultat moyen est 201 sur 285
Statistiques - réponses
% Correct
la
100%
100%
nuit
100%
s'emballer
100%
voir
100%
à
96%
bien
89%
encore
89%
on
89%
ah
85%
de
85%
le
85%
reste
85%
soir
85%
un
85%
voudrait
85%
ou
81%
et
78%
j'aime
78%
qu'on
78%
tu
78%
les
74%
me
74%
moi
74%
pas
74%
te
74%
tes
74%
t'es
74%
toi
74%
des
70%
font
70%
heures
70%
lèvres
70%
parle
70%
passe
70%
peu
70%
sourire
70%
ton
70%
comme
67%
ta
67%
trop
67%
elle
63%
déjà
59%
dit
59%
jambes
59%
juste
59%
ne
59%
nos
59%
que
59%
qui
59%
sait
59%
sans
59%
elles
56%
parler
56%
projets
56%
as
52%
ça
52%
laisse
52%
langues
52%
ma
52%
osés
52%
oses
52%
parlent
52%
rêves
52%
t'en
52%
faut
48%
sembles
48%
c'est
44%
délions
44%
planer
44%
pourrait
44%
deux
41%
il
41%
nous
41%
puis
41%
quant
41%
seul
41%
si
41%
tout
41%
au
37%
est
37%
jolie
37%
lit
37%
mais
37%
prendre
37%
qu'il
37%
rougis
37%
sûr
37%
tard
37%
tellement
37%
ai
33%
j'en
33%
jours
33%
j'suis
33%
peau
33%
rentres
33%
rester
33%
tant
33%
bu
30%
cache
30%
faute
30%
l'air
30%
passent
30%
puisqu'on
30%
beaucoup
26%
jamais
26%
jeux
26%
depuis
22%
l'départ
22%
qu'tu
22%
fatigué
19%
attends
15%
remet
15%
t'as
15%
l'refaire
11%
Aucun quiz correspondant
Distribution des résultats
% des personnes avec chaque résultat
Percentile par nombre de réponses
Votre historique - résultats
Vous n’avez pas pris ce quiz